Countries of the Commonwealth - Statistics

General Stats
  • This quiz has been taken 221 times
  • The average score is 32 of 53
Answer Stats
Answer % Correct
Australia
91%
South Africa
88%
New Zealand
87%
India
84%
Canada
82%
UK
81%
Kenya
80%
Jamaica
79%
Barbados
74%
Bahamas
72%
Fiji
72%
Pakistan
72%
Antigua
70%
Nigeria
70%
Trinidad
68%
Samoa
65%
Malta
64%
Sri Lanka
64%
Tanzania
63%
Tonga
63%
Vanuatu
63%
Bangladesh
62%
Lesotho
62%
Malaysia
62%
Nauru
62%
Tuvalu
62%
Zambia
62%
Singapore
61%
Belize
60%
Swaziland
60%
Cyprus
59%
Kiribati
59%
Mozambique
58%
Namibia
58%
Uganda
58%
Grenada
57%
Rwanda
57%
Solomon Islands
57%
Ghana
56%
Botswana
55%
Dominica
52%
Papua New Guinea
52%
Cameroon
50%
Malawi
48%
Guyana
45%
Seychelles
45%
Brunei
43%
Maldives
43%
Mauritius
41%
Sierra Leone
39%
Saint Kitts
38%
Saint Lucia
38%
Saint Vincent
37%
No matching quizzes found
Score Distribution
Percent of People with Each Score
Percentile by Number Answered
Your Score History
You have not taken this quiz